Filme nach Gesicht - Statistiken

Allgemein
  • Dieses Quiz wurde 174 mal gespielt
  • Das Durchschnittsergebnis liegt bei 13 aus 24
Antwortstatistiken
Bildquiz Antwort % Korrekt
Harry Potter
100%
Titanic
98%
Spider-Man
92%
Forrest Gump
90%
Iron-Man
87%
Der Pate
82%
Oppenheimer
79%
Interstellar
75%
Fight Club
73%
The Green Mile
62%
The Wolf of Wall Street
61%
Im Westen Nichts Neues
54%
Kill Bill
51%
Die Verurteilten
47%
The Shining
47%
Shutter Island
46%
Scarface
34%
No Country for Old Men
32%
Das Streben nach Glück
24%
Hacksaw Ridge
23%
Full Metal Jacket
21%
Goodfellas
18%
The Prestige
18%
Eyes Wide Shut
3%
Keine übereinstimmenden Quizze gefunden
Verteilung der Resultate
Anzahl Personen mit jedem Resultat
Perzentil nach korrekt beantworteten Fragen
Ihre Resultats-Entwicklung
Sie haben dieses Quiz noch nicht gespielt